Miestne rozpočty 1994

Súhrnná charakteristika rozpočtov miest a obcí v Slovenskej republike a systém ich finančného a rozpočtového hospodárenia v roku 1994. Ciele a zásady rozpočtovej politiky vo vzťahu k miestnym rozpočtom. Obsah rozpočtov obcí, štruktúra príjmov a výdavkov. Priame financovanie vzťahov štátneho rozpočtu...

Full description

Saved in:
Bibliographic Details
Main Author: Mikš, J.
Format: Book Chapter
Language:Slovak
Subjects:
Tags: Add Tag
No Tags, Be the first to tag this record!

MARC

LEADER 00000naa a2200000 4500
001 r015683
005 20221213114850.7
041 0 |a slo 
044 |a SK 
245 1 0 |a Miestne rozpočty 1994  |c J. Mikš 
520 |a Súhrnná charakteristika rozpočtov miest a obcí v Slovenskej republike a systém ich finančného a rozpočtového hospodárenia v roku 1994. Ciele a zásady rozpočtovej politiky vo vzťahu k miestnym rozpočtom. Obsah rozpočtov obcí, štruktúra príjmov a výdavkov. Priame financovanie vzťahov štátneho rozpočtu k rozpočtom obcí. Podiely na príjmoch štátneho rozpočtu v rozpočtoch obcí. Bilancia príjmov a výdavkov rozpočtov obcí v roku 1994. 
610 2 0 |a rozpočet miestny 
610 2 0 |a politika rozpočtová 
610 2 0 |a mestá 
610 2 0 |a obce 
610 2 0 |a Slovensko 
610 2 0 |a 1994 
610 2 0 |a hospodárenie finančné 
100 1 |a Mikš, J.